Epopeya de las comidas y las bebidas de Chile

Saved in:
Bibliographic Details
Main Author: Rokha, Pablo de (autor)
Format: Book
Language:Spanish
Published: Santiago Fondo de Cultura Económica 2011
Edition:1a. ed
Series:Colección Biblioteca Chilena
Subjects:
Tags: Add Tag
No Tags, Be the first to tag this record!

MARC

LEADER 00000cam a2200000 a 4500
001 UCG7889
003 CL-VaPUC
005 20230531074411.0
008 111014e20110000CL |||||||||||||||||spa|d
999 |c 345577  |d 345575 
020 |a 9789562890847 
040 |c Pontificia Universidad Católica de Valparaíso 
082 0 4 |a 861  |b ROK  |2 21 
100 |a Rokha, Pablo de   |e autor  |9 506833 
245 1 0 |a Epopeya de las comidas y las bebidas de Chile 
250 |a 1a. ed 
260 |a Santiago  |b Fondo de Cultura Económica  |c 2011 
300 |a 109 p 
490 0 |a Colección Biblioteca Chilena 
500 |a Edición con recetario de Juan Pablo Mellado 
583 |a last modification  |c 20140630 10:38:09  |k Rodrigo Vera 
600 0 7 |a DIAZ LOYOLA, CARLOS  |2 CL-VaPUC  |9 558373 
650 7 |a POESIA HISPANOAMERICANA  |2 CL-VaPUC  |9 267889 
650 0 |a Poesías chilenas   |9 265280 
650 0 |a Literatura chilena   |9 308278 
942 |c BK  |2 ddc 
945 |d 20111014 00:00:00  |a dcastane 
952 |0 0  |1 0  |4 0  |6 861_000000000000000_ROK_2011  |7 0  |8 C  |9 444483  |a BIBCUR  |b BIBCUR  |d 2019-11-22  |i 4791878  |o 861 ROK 2011  |p 4791878  |r 2025-04-22  |w 2019-11-22  |y BK  |k CAC